000 00446nam a2200157 i 4500
001 69794
003 ES-MaACL
005 20230906170623.0
007 t|
008 040712s1971 sp ||||1| spa d
100 1 _aGarcía Hernando, Juliano.
_954764
245 1 0 _aConcilio de la juventud en Taizé /
_cpor Juliano García Hernando.
260 _aMadrid :
_bBruño,
_c1971.
300 _a121 p. ;
_c17 cm.
852 _aES-MaACL
_jC-42102
_bR.78455
999 _c69794
_d69794